Sergio Barrera (Record no. 15423)

MARC details
000 - LÍDER
campo de control de longitud fija 00981nam a2200217Ia 4500
008 - ELEMENTOS DE DATOS DE LONGITUD FIJA - INFORMACIÓN GENERAL
campo de control de longitud fija 0000002003 sp ad 0000000000spa00
090 ## - NÚMERO DE LLAMADA DE TIPO LC LOCALMENTE ASIGNADO (OCLC)
Número de clasificación (OCLC) (R) PSP00 A56s
100 1# - ENTRADA PRINCIPAL - NOMBRE PERSONAL
Nombre de la persona Amorós, Trini
245 10 - TÍTULO DECLARACIÓN
Título Sergio Barrera
Resto del título : danza de recuerdos, pintura contra imagen
Declaración de responsabilidad / texto Trini Amorós, Sergio Barrera ; fotografías Toño Barreiro
260 ## - PUBLICACIÓN, DISTRIBUCIÓN
Lugar de publicación Valencia : Galería Luis Adelantado
Fecha de publicación 2003
300 ## - DESCRIPCIÓN FÍSICA
Alcance 52 p.
Dimensiones / 22 cm.
500 ## - NOTA GENERAL
Nota general Exposición realizada en Galería Luis Adelantado de Valencia, España en los meses de enero y febrero de 2003 \ Incluye datos biográficos y cronología artística \ Donación Galería Nueve Ochenta, Bogotá 2014
600 00 - ENTRADA DE SUJETO AÑADIDO - NOMBRE PERSONAL
Nombre de la persona BARRERA, SERGIO, 1967/
Subdivisión general TRABAJOS PICTORICOS
650 14 - ENTRADA DE SUJETO AÑADIDO - TÉRMINO TÓPICO
Término tópico o elemento de entrada del nombre geográfico ARTE CONTEMPORANEO ESPAÑOL
650 14 - ENTRADA DE SUJETO AÑADIDO - TÉRMINO TÓPICO
Término tópico o elemento de entrada del nombre geográfico ARTISTAS PLASTICOS ESPAÑOLES EXPOSIONES
650 14 - ENTRADA DE SUJETO AÑADIDO - TÉRMINO TÓPICO
Subdivisión general CATALOGOS
650 14 - ENTRADA DE SUJETO AÑADIDO - TÉRMINO TÓPICO
Subdivisión general EXPOSICIONES
650 14 - ENTRADA DE SUJETO AÑADIDO - TÉRMINO TÓPICO
Término tópico o elemento de entrada del nombre geográfico PINTORES ESPAÑOLES
650 14 - ENTRADA DE SUJETO AÑADIDO - TÉRMINO TÓPICO
Término tópico o elemento de entrada del nombre geográfico PINTURA ESPAÑOLA
700 1# - ENTRADA AGREGADA - NOMBRE PERSONAL
Nombre de la persona Barrera, Sergio, 1967
Holdings
Estado de retirada Pérdida de estatus Estado dañado No para préstamo Código de recogida Ubicación permanente Ubicación actual Ubicación de las estanterías Fecha de adquisición Número de llamada completo Código de barras Fecha de la última vez que se vio Número de copia Precio efectivo desde Tipo de artículo Koha
        General ArtNexus ArtNexus General 06/09/2022 P-SP-00 A56S 15714 06/09/2022 Ej.1 06/09/2022 Libro

Powered by Koha